Trade policies of India: A quantitative analysis (Record no. 36603)

MARC details
000 -LEADER
fixed length control field 00292nam a2200109Ia 4500
082 ## - DEWEY DECIMAL CLASSIFICATION NUMBER
Classification number 339.1
Item number PAN
100 ## - MAIN ENTRY--AUTHOR NAME
Personal name PANCHMUKHI, V R
245 #0 - TITLE STATEMENT
Title Trade policies of India: A quantitative analysis
260 ## - PUBLICATION, DISTRIBUTION, ETC. (IMPRINT)
Place of publication Delhi
Name of publisher Naurang Rai
Year of publication 1978
942 ## - ADDED ENTRY ELEMENTS (KOHA)
Koha item type Books
Holdings
Withdrawn status Lost status Damaged status Not for loan Home library Current library Date acquired Full call number Accession Number Koha item type
        RRII Library RRII Library 16/12/2021 339.1 PAN 17006 Books